000 005350000a22001810004500
003 MACL
005 20160329152241.0
008 160329b xxu||||| |||| 00| 0 eng d
040 _aMACL
_cMACL
041 _aHindi
082 _a080
100 _aपालीवाल हरिओम
_948666
245 _aहमारे प्रेरणा स्रोत
260 _bअनुज पब्लिशिंग
_c2005
_aनई दिल्‍ली
350 _a125
650 _aEducation
_948667
942 _cHIN
_k080
_2ddc
999 _c19219
_d19219